000 00487nam a2200181Ia 4500
005 20250423101141.0
008 250422s9999 xx 000 0 und d
020 _a9780395448953
050 _aPE 1628 .A44/
245 4 _aThe American Heritage dictionary of the English language.
250 _a3rd ed.
260 _aBoston, New York
260 _bHoughton Mifflin Company
260 _c1996
300 _a2140 p
650 _a English language--Dictionaries.
942 _cBK
999 _c35444
_d35444